My Side of the Mountain / (Record no. 5164)

MARC details
000 -LEADER
fixed length control field 01039nam a22002897a 4500
001 - CONTROL NUMBER
control field 5164
003 - CONTROL NUMBER IDENTIFIER
control field FISKH
005 - DATE AND TIME OF LATEST TRANSACTION
control field 20241108114931.0
008 - FIXED-LENGTH DATA ELEMENTS--GENERAL INFORMATION
fixed length control field 241108b cb ||||| |||| 00| 0 eng d
020 ## - INTERNATIONAL STANDARD BOOK NUMBER
International Standard Book Number 9780140348101
040 ## - CATALOGING SOURCE
Original cataloging agency FISKH
Language of cataloging eng
Transcribing agency FISKH
Modifying agency FISKH
050 ## - LIBRARY OF CONGRESS CALL NUMBER
Classification number PZ7.G2933
082 ## - DEWEY DECIMAL CLASSIFICATION NUMBER
Classification number 813
100 ## - MAIN ENTRY--PERSONAL NAME
Personal name George, Jean Craighead
245 ## - TITLE STATEMENT
Title My Side of the Mountain /
Statement of responsibility, etc. by Jean Craighead George
260 ## - PUBLICATION, DISTRIBUTION, ETC.
Place of publication, distribution, etc. New York :
Name of publisher, distributor, etc. Peinguin Groups ;
Date of publication, distribution, etc. 1959 .
300 ## - PHYSICAL DESCRIPTION
Extent 177 pages :
Other physical details illustrations ;
Dimensions 20 cm .
490 ## - SERIES STATEMENT
Series statement My Side of the Mountain
505 ## - FORMATTED CONTENTS NOTE
Formatted contents note T <br/>
520 ## - SUMMARY, ETC.
Summary, etc. A young boy relates his adventures during the year he spends living alone in the Catskill Mountains including his struggle for survival, his dependence on nature, his animal friends, and his ultimate realization that he needs human companionship.
521 8# - TARGET AUDIENCE NOTE
Target audience note 810 <br/>
Source Lexile <br/>
521 8# - TARGET AUDIENCE NOTE
Target audience note T <br/>
Source Raz-plus <br/>
650 ## - SUBJECT ADDED ENTRY--TOPICAL TERM
Topical term or geographic name entry element children's
Form subdivision fiction
700 ## - ADDED ENTRY--PERSONAL NAME
Personal name George , Jean Craighead
Relator term illustrator
942 ## - ADDED ENTRY ELEMENTS (KOHA)
Source of classification or shelving scheme Dewey Decimal Classification
Koha item type Books
Suppress in OPAC No
Holdings
Withdrawn status Lost status Source of classification or shelving scheme Damaged status Not for loan Collection Home library Current library Shelving location Date acquired Total Checkouts Full call number Barcode Date last seen Price effective from Koha item type
    Dewey Decimal Classification     Fiction Footprints International School Library Network Toul Kork Campus Footprints International School Library Network Toul Kork Campus TTP Secondary Fiction Bookshelves 11/08/2024   GEO 813 PZ7.G2933 2024-2313 11/08/2024 11/08/2024 Books